Globalization and the postcolonial world : (Record no. 443)

MARC details
000 -LEADER
fixed length control field 00586nam a2200205 4500
003 - CONTROL NUMBER IDENTIFIER
control field OSt
005 - DATE AND TIME OF LATEST TRANSACTION
control field 20140917192043.0
008 - FIXED-LENGTH DATA ELEMENTS--GENERAL INFORMATION
fixed length control field 140917b xxu||||| |||| 00| 0 eng d
020 ## - INTERNATIONAL STANDARD BOOK NUMBER
International Standard Book Number 0333914201
040 ## - CATALOGING SOURCE
Transcribing agency 040a
082 ## - DEWEY DECIMAL CLASSIFICATION NUMBER
Edition number 20
Classification number 338
Item number HOO 2001
100 ## - MAIN ENTRY--PERSONAL NAME
Personal name Hoogvelt, Ankie
9 (RLIN) 1170
245 ## - TITLE STATEMENT
Title Globalization and the postcolonial world :
Remainder of title the new political economy of development /
Statement of responsibility, etc. Ankie Hoogvelt
250 ## - EDITION STATEMENT
Edition statement 2nd
260 ## - PUBLICATION, DISTRIBUTION, ETC. (IMPRINT)
Place of publication, distribution, etc. Hampshire
Name of publisher, distributor, etc. Palgrave
Date of publication, distribution, etc. 2001
300 ## - PHYSICAL DESCRIPTION
Extent xix, 325 p;
Other physical details ill :
Dimensions 10 cm.
504 ## - BIBLIOGRAPHY, ETC. NOTE
Bibliography, etc includes index
650 ## - SUBJECT ADDED ENTRY--TOPICAL TERM
Topical term or geographic name as entry element globalization
9 (RLIN) 952
942 ## - ADDED ENTRY ELEMENTS (KOHA)
Source of classification or shelving scheme Dewey Decimal Classification
Koha item type Short Loan
Holdings
Withdrawn status Lost status Source of classification or shelving scheme Damaged status Not for loan Home library Current library Date acquired Inventory number Total Checkouts Full call number Barcode Date last seen Price effective from Koha item type
    Dewey Decimal Classification     MUST Main Library MUST Main Library 17/09/2014 2003/19198   338 HOO 2001 2014-2809 17/09/2014 17/09/2014 Short Loan